| 000 | 00638nam a2200241Ia 4500 | ||
|---|---|---|---|
| 003 | OSt | ||
| 005 | 20140312094733.0 | ||
| 008 | 140130s9999 xx 000 0 und d | ||
| 020 | _a9780545033299 | ||
| 050 |
_aPZ 7 _b.Sch41145Tim 2008 |
||
| 100 | _aSchwarz, Viviane. | ||
| 245 |
_cViviane Schwarz. _aTimothy and the strong pajamas / |
||
| 260 |
_bScholastic Inc., _cc2007. _aSingapore : |
||
| 300 |
_a50 p. : _bcol. ill. ; _c33 cm. |
||
| 440 | _v1 | ||
| 521 | _aG3 | ||
| 526 | _c520 | ||
| 650 |
_aPajamas _xFiction. |
||
| 650 |
_aMuscle strength _xFiction. |
||
| 650 |
_aHeroes _xFiction. |
||
| 942 |
_cBK _2lcc |
||
| 999 |
_c42017 _d42017 |
||